大和〇〇駅 - Statistics

General Stats
  • This quiz has been taken 134 times
  • The average score is 4 of 8
Answer Stats
Answer % Correct
大和西大寺
85%
大和高田
76%
大和八木
75%
大和朝倉
52%
大和小泉
46%
大和新庄
25%
大和上市
25%
大和二見
20%
No matching quizzes found
Score Distribution
Percent of People with Each Score
Percentile by Number Answered
Your Score History
You have not taken this quiz